| 000 | 00440nam a2200157Ia 4500 | ||
|---|---|---|---|
| 008 | 151213s9999 xx 000 0 und d | ||
| 100 | _aM. B. Romney & P. J. Steinbart | ||
| 245 |
_aAccounting information systems _cM. B. Romney & P. J. Steinbart |
||
| 250 | _a8th | ||
| 260 |
_aNew Jersey _bPrentice hall |
||
| 300 | _a1262 p. | ||
| 650 | _aAccounting | ||
| 650 | _aAccounting | ||
| 700 | _aM. B. Romney & P. J. Steinbart | ||
| 999 |
_c1082 _d1082 |
||